|
|
|
|
| LEADER |
00944nab#a2200313#ar4500 |
| 001 |
000108047 |
| 003 |
SVKKK |
| 005 |
20120503122000.0 |
| 008 |
120503c2010 xo |||||||||||||||b|slo |
| FMT |
|
|
|
| 038 |
|
|
|a SVKKK
|
| 040 |
|
|
|a SVKKK
|b slo
|e AACR2
|
| 041 |
0 |
|
|a slo
|
| 044 |
|
|
|a xo
|c SK
|
| 080 |
|
|
|a 615.477.2
|2 1997
|
| 100 |
1 |
|
|a Gécziová, Katarína
|4 aut
|
| 245 |
1 |
0 |
|a Jednej pacientke vyrobili nový nos, druhej nohu na prechádzky po pláži
|b pre ľudí, ktorí prišli o končatinu či inú časť tela, sú záchranou výrobcovia ortopedických pomôcok
|c Katarína Gécziová
|
| 300 |
|
|
|b Obr.
|
| 610 |
2 |
4 |
|a ORTOPROplus (Košice, Slovensko)
|
| 650 |
0 |
4 |
|a protetika
|
| 650 |
0 |
4 |
|a protézy
|
| 650 |
0 |
4 |
|a ortopedické pomôcky
|
| 651 |
|
4 |
|a Košice (Slovensko)
|
| 773 |
0 |
|
|t Košický večer. Korzár
|g Roč. XX, č. 33 (2010), s. 9
|x 1336-5320
|
| 974 |
|
|
|a Va
|
| 992 |
|
|
|a RBX
|
| BAS |
|
|
|
| 852 |
|
|
|a SVKKK
|b BIB
|
| 998 |
|
|
|a REG
|